000 01126nam a22001937a 4500
001 6713
003 FISKH
005 20250521150403.0
008 250521b cb ||||| |||| 00| 0 eng d
040 _aFISKH
_bkhr
_cFISKH
_dFISKH
100 _aPhan, Korng
245 _aតម្រាសាស្រ្ត /
_cនិពន្ធដោយ កង ផាន់
260 _aភ្នំពេញ :
_c១៩៧២ .
300 _a195 pages :
_bcolor illustrations ;
_c21 cm .
520 _aសៀវភៅនេះអាចប្រើជាជំនួយមើលផ្កាយចរជុំវិញឆាកជីវិតមនុស្ស មើលពីមនុស្សកើតថ្ងៃណា មាននិស្ស័យទាបខ្ពស់ ​និងវាសនារបស់មនុស្ស​នៅពេលអនាគត ។​
520 _aThis book can be used as a guide to observing the movement of stars in relation to a person's life stages. It helps interpret the day a person was born, their level of fortune or destiny, and their future fate.
942 _2ddc
_cKHB
_n0
999 _c6713
_d6713